| 000 | 00812nam a2200277 i 4500 | ||
|---|---|---|---|
| 001 | bg | ||
| 003 | BPK | ||
| 005 | 20210705082755.0 | ||
| 008 | 971113s1988 pl a g |000 0 pol | ||
| 015 | _aPB 1988/9176 | ||
| 020 | _a8321333966 | ||
| 020 | _a8321334857 | ||
| 040 |
_aWA N _cBPK |
||
| 080 | _a674.02/.07 | ||
| 080 | _a689 | ||
| 100 | 1 | _aPolański, Janusz. | |
| 245 | 1 | 0 |
_aDrewno moje hobby / _cJanusz Polański. |
| 260 |
_aWarszawa : _b"Arkady", _c1988. |
||
| 300 |
_a189, [3] s. : _bfot., rys. ; _c24 cm. |
||
| 655 | 4 | _aWydawnictwa popularne | |
| 650 | 4 | _aStolarstwo | |
| 650 | 4 | _aMajsterkowanie | |
| 710 | 2 |
_aWydawnictwo "Arkady". _4pbl. |
|
| 856 |
_uhttp://koha.tu.koszalin.pl/cgi-bin/koha/opac-detail.pl?biblionumber=3789 _yKatalog online BPK |
||
| 942 |
_2UKD _cKS |
||
| 999 |
_c3789 _d3789 |
||